| 000 | 00639nam a22002417a 4500 | ||
|---|---|---|---|
| 001 | 00801 | ||
| 003 | DO-SdBNP | ||
| 005 | 20180206115155.0 | ||
| 007 | 00801 | ||
| 008 | 160722b 1969 ag||||| |||| 00| 0 spa d | ||
| 040 |
_aBPMSU _bspa _cBPMSU |
||
| 092 |
_axxxxxxx _bxxxxxxx |
||
| 100 | 1 | _aSegur, Condesa de | |
| 245 | 1 |
_aUn buen diablillo / _cCondesa de Segur |
|
| 250 | _a3a ed. | ||
| 260 |
_aBuenos Aires, Argentina : _bDifusión, _c1969 |
||
| 300 |
_a153 p. : _bil., _c18 cm. |
||
| 490 | 1 |
_aMujercitas _v6 |
|
| 830 | 0 |
_aMujercitas _n6 |
|
| 942 |
_2ddc _cBK |
||
| 945 | _ainventariado, 2018 / dg | ||
| 956 |
_aBTAVÁREZ _b10 _c20162207 _d00801 |
||
| 999 |
_c11017 _d11017 |
||